Selected Letters of Theodore Roethke /
保存先:
| 第一著者: | |
|---|---|
| フォーマット: | Sách giấy |
| 言語: | English |
| 出版事項: |
Seattle ; London :
University of Washington Press,
1968.
|
| タグ: |
タグ追加
タグなし, このレコードへの初めてのタグを付けませんか!
|
| Thư viện lưu trữ: | Thư viện Trường Đại học Đà Lạt |
|---|
| LEADER | 00643nam a2200265 4500 | ||
|---|---|---|---|
| 001 | DLU100106196 | ||
| 005 | ##20100412 | ||
| 040 | # | # | |a DLU |b vie |
| 041 | # | # | |a eng |
| 044 | # | # | |a us |
| 082 | # | # | |a 816 |b Sel |
| 100 | # | # | |a Roethke, Theodore. |
| 245 | # | # | |a Selected Letters of Theodore Roethke / |c Theodore Roethke. |
| 260 | # | # | |a Seattle ; |a London : |b University of Washington Press, |c 1968. |
| 300 | # | # | |a xxii, 273 p. ; |c 23 cm. |
| 923 | # | # | |a 100/2010 |
| 992 | # | # | |a 0 |
| 994 | # | # | |a DLU |
| 900 | # | # | |a True |
| 911 | # | # | |a Lý Thị Hồng Hạnh |
| 925 | # | # | |a G |
| 926 | # | # | |a A |
| 927 | # | # | |a SH |
| 980 | # | # | |a Thư viện Trường Đại học Đà Lạt |